Mehr oder minder Ruhe (Запис № 524495)

МАРК-запис
000 -LEADER
fixed length control field 01150cam a2200253Mu 4500
001 - CONTROL NUMBER
control field mehroderminderru00lamb
003 - CONTROL NUMBER IDENTIFIER
control field CaSfIA
005 - DATE AND TIME OF LATEST TRANSACTION
control field 20210118184934.0
007 - PHYSICAL DESCRIPTION FIXED FIELD--GENERAL INFORMATION
fixed length control field cr||||
008 - FIXED-LENGTH DATA ELEMENTS--GENERAL INFORMATION
fixed length control field 870811s1987 gw 000 0 ger d
040 ## - CATALOGING SOURCE
Original cataloging agency JPG
Transcribing agency JPG
Modifying agency CaSfIA
035 ## - SYSTEM CONTROL NUMBER
System control number (OCoLC)83040319
100 1# - MAIN ENTRY--PERSONAL NAME
Personal name Lambertin, Theo.
245 10 - TITLE STATEMENT
Title Mehr oder minder Ruhe
Medium [electronic resource]
Remainder of title :3. April 1987-1. Mai 1987 : Bonner Kunstverein /
Statement of responsibility, etc Theo Lambertin.
260 ## - PUBLICATION, DISTRIBUTION, ETC. (IMPRINT)
Place of publication, distribution, etc Bonn :
Name of publisher, distributor, etc Bonner Kunstverein,
Date of publication, distribution, etc 1987.
300 ## - PHYSICAL DESCRIPTION
Extent 86 p.
506 ## - RESTRICTIONS ON ACCESS NOTE
Standardized terminology for access restriction Необхідна авторизація на https://archive.org/ (створення облікового запису безкоштовно)
506 ## - RESTRICTIONS ON ACCESS NOTE
Standardized terminology for access restriction Необхідна авторизація на https://openlibrary.org/ (створення облікового запису безкоштовно)
600 10 - SUBJECT ADDED ENTRY--PERSONAL NAME
Personal name Lambertin, Theo.
710 2# - ADDED ENTRY--CORPORATE NAME
Corporate name or jurisdiction name as entry element Bonner Kunstverein.
856 41 - ELECTRONIC LOCATION AND ACCESS
Uniform Resource Identifier <a href="http://www.archive.org/details/mehroderminderru00lamb">http://www.archive.org/details/mehroderminderru00lamb</a>
Public note Free eBook from the Internet Archive
856 42 - ELECTRONIC LOCATION AND ACCESS
Uniform Resource Identifier <a href="http://www.openlibrary.org/books/OL24213795M">http://www.openlibrary.org/books/OL24213795M</a>
Public note Additional information and access via Open Library
942 ## - ADDED ENTRY ELEMENTS (KOHA)
Koha item type ЕКнига

Немає доступних примірників.